00609 2200241 4500001002100000005001500021035002000036007000300056008004100059020002200100082001100122084001700133100001700150245005800167250001000225260003500235300002800270650002500298990001100323990001100334990001100345990001100356INLIS00000000000119920220907021338 a0010-0118000017ta220907 g 0 ind  a978-602-6827-06-7 a370.15 a370.15 BIN s0 aBinti Maunah1 aSosiologi Pendidikan /cDr. Hj. Binti Maunah, M. Pd.I aCet.1 aYogyakarta :bKalimedia,c2016 a174 hlm ;c14,5 x 21 cm 4aSosiologi Pendidikan a5677 a a5677 b a5677 b a5677 a